Praktijkhandreiking Taxaties Gebiedsontwikkelingen (Record no. 122105)
[ view plain ]
| 000 -LEADER | |
|---|---|
| fixed length control field | 01879cad a22002295a 4500 |
| 008 - FIXED-LENGTH DATA ELEMENTS--GENERAL INFORMATION | |
| fixed length control field | 250205t2025 ne f f 00| 0 dut d |
| 041 0# - LANGUAGE CODE | |
| Language code of text/sound track or separate title | dut |
| 110 2# - MAIN ENTRY--CORPORATE NAME | |
| Corporate name or jurisdiction name as entry element | Royal Institution of Chartered Surveyors |
| 9 (RLIN) | 4900 |
| 245 00 - TITLE STATEMENT | |
| Title | Praktijkhandreiking Taxaties Gebiedsontwikkelingen |
| 260 ## - PUBLICATION, DISTRIBUTION, ETC. | |
| Name of publisher, distributor, etc. | RICS, |
| Date of publication, distribution, etc. | produced December 2024 / Released January 2025 |
| 300 ## - PHYSICAL DESCRIPTION | |
| Extent | 49p. |
| 500 ## - GENERAL NOTE | |
| General note | Publication date is December 2024 but considered as January 2025 as only presented for the later date. |
| 520 ## - SUMMARY, ETC. | |
| Summary, etc. | RICS was commissioned by the Dutch Ministry of the Interior to produce a Practical Guide on Valuation for Area Development.<br/><br/>This was part of the modernisation of land policy which was initiated by the then Minister De Jonge with the aim of accelerating housing construction. Key aspects of this modernisation include the potential introduction of a land value capture tax, taxation on undeveloped land designated for residential purposes, and the establishment of a National Land Facility. However, these are complex issues that are not easily implemented.<br/><br/>What the government urgently needs—and which can be realised more quickly—is a clearer understanding of land values that also factor in the cost allocation for public functions. This need was addressed by valuers in collaboration with the NRVT (Dutch Register of Real Estate Appraisers) and developed into the Practical Guide to Valuation for Area Development, which was presented to Minister Keijzer at the Housing Summit on 30 January 2025. |
| 650 24 - SUBJECT ADDED ENTRY--TOPICAL TERM | |
| Topical term or geographic name entry element | RICS VALUATION STANDARDS |
| 650 24 - SUBJECT ADDED ENTRY--TOPICAL TERM | |
| Topical term or geographic name entry element | LAND VALUES |
| 650 24 - SUBJECT ADDED ENTRY--TOPICAL TERM | |
| Topical term or geographic name entry element | GEBIEDSONTWIKKELING |
| 650 24 - SUBJECT ADDED ENTRY--TOPICAL TERM | |
| Topical term or geographic name entry element | TAXATIE |
| 651 #4 - SUBJECT ADDED ENTRY--GEOGRAPHIC NAME | |
| Geographic name | Netherlands |
| 690 ## - LOCAL SUBJECT ADDED ENTRY--TOPICAL TERM (OCLC, RLIN) | |
| Topical term or geographic name as entry element | Valuation |
| 9 (RLIN) | 6273 |
| 856 40 - ELECTRONIC LOCATION AND ACCESS | |
| Uniform Resource Identifier | <a href="https://www.rics.org/content/dam/ricsglobal/documents/latest-news/Practical-Guide-to-Valuations-for-Area-Developments_Dutch.pdf">https://www.rics.org/content/dam/ricsglobal/documents/latest-news/Practical-Guide-to-Valuations-for-Area-Developments_Dutch.pdf</a> |
| Public note | Available only in dutch |
| 942 ## - ADDED ENTRY ELEMENTS (KOHA) | |
| Suppress in OPAC | 0 |
| Source of classification or shelving scheme | Dewey Decimal Classification |
| Withdrawn status | Lost status | Damaged status | Not for loan | Home library | Current library | Shelving location | Date acquired | Total Checkouts | Date last seen | Price effective from | Koha item type |
|---|---|---|---|---|---|---|---|---|---|---|---|
| Virtual | Virtual | Online | 05/02/2025 | 05/02/2025 | 05/02/2025 | Online material |